ব্যবহারিক পদার্থবিজ্ঞান / (Record no. 44394)
[ view plain ]
| 000 -LEADER | |
|---|---|
| fixed length control field | 00854nam a2200241 a 4500 |
| 001 - CONTROL NUMBER | |
| control field | 44394 |
| 003 - CONTROL NUMBER IDENTIFIER | |
| rucl marc code | BD-RjUL |
| 005 - DATE AND TIME OF LATEST TRANSACTION | |
| control field | 20211209053840.0 |
| 008 - FIXED-LENGTH DATA ELEMENTS--GENERAL INFORMATION | |
| fixed length control field | 160717r19821975bg a|||| ||| 000 0 ben d |
| 020 ## - INTERNATIONAL STANDARD BOOK NUMBER | |
| Terms of availability | : Tk 50.00 |
| 035 ## - SYSTEM CONTROL NUMBER | |
| System control number | (BD-RjUL)44512 |
| 040 ## - CATALOGING SOURCE | |
| Original cataloging agency | BD-RjUL |
| Language of cataloging | ben |
| Transcribing agency | BD-RjUL |
| 041 ## - LANGUAGE CODE | |
| Language code of text/sound track or separate title | ben |
| 082 ## - DEWEY DECIMAL CLASSIFICATION NUMBER | |
| Edition number | 23 |
| Classification number | 530 |
| Author mark and year | CHB 1982 |
| 100 10 - MAIN ENTRY--PERSONAL NAME | |
| Personal name | চৌধুরী, আরিফ |
| 9 (RLIN) | 136271 |
| 245 10 - TITLE STATEMENT | |
| Title | ব্যবহারিক পদার্থবিজ্ঞান / |
| Statement of responsibility, etc. | আরিফ চৌধুরী |
| 250 ## - EDITION STATEMENT | |
| Edition statement | ২ য় সংস্করণ |
| 260 ## - PUBLICATION, DISTRIBUTION, ETC. (IMPRINT) | |
| Place of publication, distribution, etc. | ঢাকা : |
| Name of publisher, distributor, etc. | মুহাম্মদ বাদার্স ; |
| Date of publication, distribution, etc. | ১৯৮২ |
| 300 ## - PHYSICAL DESCRIPTION | |
| Pagination | ৫৪০ পৃ. : |
| Illustrations | চিত্রাবলী. |
| Size | ২১ সেমি. |
| 650 ## - SUBJECT ADDED ENTRY--TOPICAL TERM | |
| Topical term or geographic name as entry element | পদার্থ বিজ্ঞান |
| 9 (RLIN) | 123216 |
| Topical term or geographic name as entry element | Physics |
| 9 (RLIN) | 136272 |
| 942 ## - ADDED ENTRY ELEMENTS (KOHA) | |
| Source of classification or shelving scheme | Dewey Decimal Classification |
| Koha item type | Books |
| Lost status | Source of classification or shelving scheme | Damaged status | Not for loan | Collection code | Permanent Location | Current Location | Shelving location | Date acquired | Source of acquisition | Cost, normal purchase price | Total Checkouts | Full call number | Date last seen | Copy number | Koha item type |
|---|---|---|---|---|---|---|---|---|---|---|---|---|---|---|---|
| Dewey Decimal Classification | Non-fiction | Central Library, University of Rajshahi | Central Library, University of Rajshahi | 05/08/1984 | Rajshahi imperals books | 50.00 | B 530 CHB 1982 | 17/07/2016 | C-2 | Books | |||||
| Dewey Decimal Classification | Non-fiction | Central Library, University of Rajshahi | Central Library, University of Rajshahi | 10/11/1996 | Rajshahi imperals books | 170.00 | B 530 CHB 1982 | 08/08/2016 | C-3 | Books | |||||
| Dewey Decimal Classification | Non-fiction | Central Library, University of Rajshahi | Central Library, University of Rajshahi | 10/11/1996 | Rajshahi imperals books | 170.00 | B 530 CHB 1982 | 08/08/2016 | C-4 | Books | |||||
| Dewey Decimal Classification | Non-fiction | Central Library, University of Rajshahi | Central Library, University of Rajshahi | 05/08/1984 | Impirial books,Rajshahi | 50.00 | B 530 CHB 1982 | 25/10/2016 | C-5 | Books | |||||
| Dewey Decimal Classification | Non-fiction | Central Library, University of Rajshahi | Central Library, University of Rajshahi | 05/08/1984 | Imprial books, Rajshahi | 50.00 | B 530 CHB 1982 | 20/11/2016 | C-6 | Books | |||||
| Dewey Decimal Classification | Non-fiction | Central Library, University of Rajshahi | Central Library, University of Rajshahi | 05/08/1984 | Imprial book, Rajshahi | 50.00 | B 530 CHB 1982 | 23/11/2016 | C-7 | Books |